Trabajos manuales para jóvenes / (Record no. 133598)

MARC details
000 -LEADER
campo de control de longitud fija 00713nam a2200217 i 4500
001 - NÚMERO DE CONTROL
campo de control 133598
003 - IDENTIFICADOR DE NÚMERO DE CONTROL
campo de control ES-MaACL
005 - FECHA Y HORA DE LA ÚLTIMA TRANSACCIÓN
campo de control 20250816092654.0
007 - CAMPO FIJO DE DESCRIPCIÓN FÍSICA--INFORMACIÓN GENERAL
campo de control de longitud fija t|
008 - DATOS DE LONGITUD FIJA--INFORMACIÓN GENERAL
campo de control de longitud fija 070821s1964 sp a |||| | spa d
080 ## - NÚMERO DE LA CLASIFICACIÓN DECIMAL UNIVERSAL
Número de la Clasificación Decimal Universal 087.5:62/69
100 1# - ENTRADA PRINCIPAL--NOMBRE DE PERSONA
Nombre de persona Wollmann, Rudolf.
9 (RLIN) 117287
245 10 - MENCIÓN DEL TÍTULO
Título Trabajos manuales para jóvenes /
Mención de responsabilidad, etc. Rudolf Wollmann ; [traducción de Francisco Payarols Casas ; dirigida y prologada por Arturo Martorell].
260 ## - PUBLICACIÓN, DISTRIBUCIÓN, ETC.
Lugar de publicación, distribución, etc. Barcelona :
Nombre del editor, distribuidor, etc. Labor,
Fecha de publicación, distribución, etc. [1964]
300 ## - DESCRIPCIÓN FÍSICA
Extensión XVI, 357 p. :
Otras características físicas il. ;
Dimensiones 26 cm.
650 #7 - PUNTO DE ACCESO ADICIONAL DE MATERIA--TÉRMINO DE MATERIA
Término de materia o nombre geográfico como elemento de entrada Trabajos manuales
Fuente del encabezamiento o término embne
9 (RLIN) 17606
700 1# - ENTRADA AGREGADA--NOMBRE PERSONAL
Nombre de persona Payarols, Francisco.
9 (RLIN) 89715
700 1# - ENTRADA AGREGADA--NOMBRE PERSONAL
Nombre de persona Martorell, Arturo.
9 (RLIN) 78531
852 ## - LOCALIZACIÓN
Ubicación ES-MaACL
Número de control de estantería C-26245
Holdings
Estatus retirado Estado de pérdida Estado de daño No para préstamo Biblioteca de origen Biblioteca actual Ubicación en estantería Fecha de adquisición Fuente de adquisición Total de préstamos Signatura topográfica completa Código de barras Visto por última vez Precio de reemplazo Tipo de ítem Koha
        Biblioteca del Ateneo de Madrid Biblioteca del Ateneo de Madrid Depósito 2 17/01/2008     C-26245 1139077 23/02/2023 23/02/2023 Libro impreso